STN EN 13598-1: 2009 [neplatná] (64 3234) Potrubné systémy z plastov na beztlakové kanalizačné potrubia a stoky uložené v zemi. Nemäkčený polyvinylchlorid (PVC-U), polypropylén (PP) a polyetylén (PE) Časť 1 Špecifikácie doplnkového príslušenstva vrátane plytkých revíznych komôr
Táto norma je slovenskou verziou európskej normy EN 13598-1: 2003. Preklad zabezpečil Slovenský ústav technickej normalizácie. Táto norma má rovnaké postavenie, ako majú oficiálne verzie
| Corporate Author: | |
|---|---|
| Other Authors: | |
| Format: | Book |
| Language: | Slovak English |
| PhysicalDescription: | 20 s. obr., tab. 30 cm |
| Published: |
Bratislava
Slovenský ústav technickej normalizácie
2009
|
| Subjects: |
MARC
| LEADER | 00000nam a2200000 a 4500 | ||
|---|---|---|---|
| 001 | vtls009848099 | ||
| 003 | SK-MaSNL | ||
| 005 | 20260302044119.0 | ||
| 008 | 160624s2009 xo ka f u 000 0 slo | ||
| 015 | |a SNBN2010/01-00656 | ||
| 020 | |c (cen. skup. 12) | ||
| 035 | |a (SVKBBclas03)vtls000314408 | ||
| 040 | |a SNK |b slo |c SNK |e AACR2 | ||
| 041 | 1 | |a slo |h eng | |
| 044 | |a xo |c SK | ||
| 046 | |a m |m 200907 (účin. ) |n 201105 | ||
| 072 | 7 | |a 696 |x Inštalácie |2 konspekt | |
| 080 | |a 696.13 |2 2001 | ||
| 080 | |a 006.7/.8 |2 2001 | ||
| 080 | |a (437.6) |2 2001 | ||
| 080 | |a (4) |2 2001 | ||
| 084 | |a 93.030 |2 ICS | ||
| 130 | 0 | |a STN 64 3234 [neplatná] (STN EN 13598-1) |9 699381 | |
| 245 | 1 | 0 | |a STN EN 13598-1: 2009 [neplatná] (64 3234) Potrubné systémy z plastov na beztlakové kanalizačné potrubia a stoky uložené v zemi. Nemäkčený polyvinylchlorid (PVC-U), polypropylén (PP) a polyetylén (PE) |n Časť 1 |p Špecifikácie doplnkového príslušenstva vrátane plytkých revíznych komôr |c spracovateľ VUIS-Vodovody a kanalizácie, spol. s r. o. , Bratislava, Ján Pašek |
| 246 | 1 | 0 | |a Potrubné systémy z plastov na beztlakové kanalizačné potrubia a stoky uložené v zemi |
| 246 | 3 | 0 | |a EN 13598-1: 2003 E |
| 246 | 1 | 0 | |a Nemäkčený polyvinylchlorid (PVC-U), polypropylén (PP) a polyetylén (PE). Časť 1 |
| 246 | 1 | 0 | |a Špecifikácie doplnkového príslušenstva vrátane plytkých revíznych komôr |
| 260 | |a Bratislava |b Slovenský ústav technickej normalizácie |c 2009 | ||
| 300 | |a 20 s. |b obr., tab. |c 30 cm | ||
| 500 | |a Táto norma nahrádza anglickú verziu STN EN 13598-1 z apríla 2004 v celom rozsahu | ||
| 500 | |a Norma je nahradená normou STN EN 13598-1 z mája 2011 v celom rozsahu | ||
| 504 | |a Citované normy, súvisiace normy, súvisiace právne predpisy s. 2 ; literatúra s. 19 | ||
| 520 | 8 | |a Táto norma je slovenskou verziou európskej normy EN 13598-1: 2003. Preklad zabezpečil Slovenský ústav technickej normalizácie. Táto norma má rovnaké postavenie, ako majú oficiálne verzie | |
| 540 | |a STN vydané na akomkoľvek nosiči sa môžu rozmnožovať a rozširovať iba so súhlasom určenej právnickej osoby |b SÚTN Bratislava |c zákon 264/1999 Z. z. | ||
| 650 | 0 | 7 | |a potrubné systémy |2 SVKBBPH |9 304169 |
| 650 | 0 | 7 | |a technické normy a štandardy |z Slovensko |2 SVKBBPH |9 79594 |
| 650 | 0 | 7 | |a technické normy a štandardy |z krajiny Európskej únie |2 SVKBBPH |9 289341 |
| 650 | 0 | 7 | |a kanalizačné potrubia |2 SVKBBPH |9 123396 |
| 655 | 7 | |a normy |2 SVKBBPH |9 70643 | |
| 700 | 1 | |a Pašek, Ján |4 trl |9 320550 | |
| 710 | 2 | |a VUIS - Vodovody a kanalizácie (Bratislava, Slovensko) |4 aut |9 158151 | |
| 710 | 2 | |a Slovenský ústav technickej normalizácie (Bratislava, Slovensko) |b Technická komisia: TK 26 Rúry, tvarovky a armatúry z plastov |4 stn |9 326958 | |
| 774 | 1 | 8 | |t STN EN 13598-1: 2011 |d Bratislava : Slovenský ústav technickej normalizácie, 2011 |w vtls010276210 |
| 958 | |a OP | ||
| 958 | |a NB | ||
| 999 | |c 1088721 |d 1090651 | ||
| 952 | |a SNK |b SNK |y PREZ |7 0 |p 17A0633344 |o snkSTN EN 13598-1 |i snk2009/17909 |8 0 |0 0 |1 0 |4 0 |d 2009-10-05 |l 0 |r 2026-02-24 16:49:29 |w 2026-02-24 | ||
| 952 | |a SNK |b SNK |y PREZ |7 0 |p 17A0633343 |o snkSTN EN 13598-1 D1 |i snk2009/17911 |8 0 |0 0 |1 0 |4 0 |d 2009-10-05 |l 0 |r 2026-02-24 16:49:29 |w 2026-02-24 | ||


